| 000 | 01705cam a22003013 4500 | ||
|---|---|---|---|
| 001 | ocn560361428 | ||
| 003 | Co-BoUCM | ||
| 005 | 20170119143918.0 | ||
| 008 | 880608s1880 fr fre 000 0 fre d | ||
| 016 | 7 |
_a001069232 _2Uk |
|
| 040 |
_aUKMGB _bspa _cSandra Yazo _dSandra Yazo |
||
| 041 | 0 | _afre | |
| 082 | 0 | 4 |
_220 _a034 |
| 092 | _aE41N017 | ||
| 100 | 1 |
_aConil, Pierre _d1832- _983223 |
|
| 242 | 0 | 0 |
_aEnciclopedia Popular _cPublicada bajo la dirección de Pierre Conil _yspa |
| 245 | 1 | 0 |
_aEncyclopedie populaire _cPubliee sous la direction de M.P. Conil |
| 260 |
_aParís (Francia) _bLibrairie Poussielgue Frères [Librería de Poussielgue y Hermanos] _bImpr. Mame [Imprenta Mame] _c1880 |
||
| 300 |
_aviii, 2286 páginas _b29 x 20 cm |
||
| 500 | _aDetalles fisicos: Encuadernación rígida en cartón duro forrado en tela texturizada. Lomo con decoración repujada y letras en dorado. Tapas con rectángulos concéntricos repujados. Guardas. Anteportada. Relación de colaboradores. Impresión del texto en dos columnas, deparadas por una línea vertical. Diferentes tipos y tamaños de letra. Guardas delanteras rotas. Descuadernado | ||
| 505 | 2 | _aA - Z | |
| 506 | _aConsulta en sala | ||
| 520 | _aDiccionario alfabético, con información sobre biografías antiguas y modernas, historia, geografía mitología, arquitectura, tecnología e inventos, física, química, matemáticas, astronomía, medicina, geología, zoología, economía, jurisprudencia y derecho usuales, temas militares y marítimos, música, deportes | ||
| 546 | _aTexto en francés | ||
| 650 | 7 |
_913228 _aDiccionarios y enciclopedias |
|
| 690 |
_aEnciclopedias _983224 |
||
| 942 |
_2LOCAL _cLIBRO _e1 _hE41N017 |
||
| 999 |
_c305745 _d305745 |
||